Records in sports Quiz - Statistics

General Stats
  • This quiz has been taken 68 times
  • The average score is 3 of 6
Answer Stats
Hint Answer % Correct
Who has the most rings in NFL history Tom Brady
98%
Who has the most rings in NBA history Bill Russell
80%
Who has the most Home runs in MLB history Barry Bonds
54%
Who has the most Passing Touchdowns in NFL history Drew Brees
38%
Who has the most rings in MLB history Yogi Berra
31%
Who has the most points in NBA history Kareem Abdul-Jabber
2%
No matching quizzes found
Score Distribution
Percent of People with Each Score
Percentile by Number Answered
Your Score History
You have not taken this quiz